Catalog

Record Details

Catalog Search



Ktož jsú Boží bojovníci : čtení o Táboře v husitském revolučním hnutí Cover Image Book Book

Ktož jsú Boží bojovníci : čtení o Táboře v husitském revolučním hnutí sestavil a výkladem doprovodil Josef Macek

Macek, Josef (Author).

Record details

  • Physical Description: 342 s.
  • Publisher: Praha Melantrich 1950

Available copies

  • 1 of 1 copy available at Common Catalog SPOK.

Holds

  • 0 current holds with 1 total copy.
Show Only Available Copies
Location Call Number / Copy Notes Barcode Shelving Location Status Due Date
ETS Library 284.3 424470004394 Volný výběr Available -

LDR 00757nam a2 00241
00133646
003CZ-PrJAB
00520030724000000.0
008030722s1950 xr e |||| |cze
009cz
035 . ‡a(CONS)5174
035 . ‡aKPS11709
040 . ‡aABG450
041 . ‡acze
08214. ‡a284.3
100 . ‡73507 ‡aMacek, Josef
245 . ‡aKtož jsú Boží bojovníci : ‡bčtení o Táboře v husitském revolučním hnutí ‡csestavil a výkladem doprovodil Josef Macek
260 . ‡aPraha ‡bMelantrich ‡c1950
300 . ‡a342 s.
490 . ‡aOdkaz minulosti české ‡vsv. 14
653 . ‡aBoží bojovníci ‡ačtení o Táboře v husitském revolučním hnutí
8524 . ‡bETS ‡bETS ‡cVolný výběr ‡j284.3 ‡gA ‡p424470004394
910 . ‡aABG450
999 . ‡a5174 ‡bAUTOGEN ‡c5174 ‡tbiblio
905 . ‡uadmin
901 . ‡a33646 ‡b ‡c33646 ‡tbiblio ‡sets

Additional Resources